000 00568nam a22002177a 4500
999 _c6420
_d6420
003 OSt
005 20200113162006.0
008 200113b ||||| |||| 00| 0 eng d
020 _a978-0702013294
020 _a0702013307
040 _cDNML
082 _aWB100 S26h 1989
100 _aSwash, Michael
_91321
245 _aHutchison's Clinical Methods
250 _a19th ed.
260 _aLondon;
_bBailliere Tindall,
_c1989
300 _axi,618p;
_bCol.ill:
_c22cm
504 _aAppendix, & index included
650 _aClinical medicine
_9834
942 _2z
_cB_BANK